Agricultural land tenure systems in Bangladesh & other Asi Pasific Countres (Record no. 74000)
[ view plain ]
| 000 -LEADER | |
|---|---|
| fixed length control field | 00705nam a2200229 a 4500 |
| 001 - CONTROL NUMBER | |
| control field | 74000 |
| 003 - CONTROL NUMBER IDENTIFIER | |
| rucl marc code | BD-RjUL |
| 005 - DATE AND TIME OF LATEST TRANSACTION | |
| control field | 20211209082454.0 |
| 008 - FIXED-LENGTH DATA ELEMENTS--GENERAL INFORMATION | |
| fixed length control field | 171219t20172017bg a|||| |||| 00| 0 eng d |
| 020 ## - INTERNATIONAL STANDARD BOOK NUMBER | |
| Terms of availability | Tk. 700.00 |
| 035 ## - SYSTEM CONTROL NUMBER | |
| System control number | (BD-RjUL)74218 |
| 040 ## - CATALOGING SOURCE | |
| Original cataloging agency | BD-RjUL |
| Language of cataloging | eng |
| Transcribing agency | BD-RjUL |
| 041 ## - LANGUAGE CODE | |
| Language code of text/sound track or separate title | eng |
| 082 ## - DEWEY DECIMAL CLASSIFICATION NUMBER | |
| Edition number | 23 |
| Classification number | 333.3095492 |
| Author mark and year | FAA 2017 |
| 100 ## - MAIN ENTRY--PERSONAL NAME | |
| Personal name | Faruque , M.M. |
| 9 (RLIN) | 219738 |
| 245 10 - TITLE STATEMENT | |
| Title | Agricultural land tenure systems in Bangladesh & other Asi Pasific Countres |
| Statement of responsibility, etc. | M.M. Al Faruque |
| 260 ## - PUBLICATION, DISTRIBUTION, ETC. (IMPRINT) | |
| Place of publication, distribution, etc. | Dhaka : |
| Name of publisher, distributor, etc. | Shamim press , |
| Date of publication, distribution, etc. | c2017 |
| 300 ## - PHYSICAL DESCRIPTION | |
| Pagination | Vii , 541 p. : |
| Illustrations | ill. ; |
| Size | 26 cm. |
| 650 ## - SUBJECT ADDED ENTRY--TOPICAL TERM | |
| Topical term or geographic name as entry element | Land tenure |
| Geographic subdivision | Bangladesh |
| 9 (RLIN) | 219739 |
| Topical term or geographic name as entry element | Land use, Rural |
| Geographic subdivision | Bangladesh |
| 9 (RLIN) | 219740 |
| 942 ## - ADDED ENTRY ELEMENTS (KOHA) | |
| Source of classification or shelving scheme | Dewey Decimal Classification |
| Koha item type | Books |
| Lost status | Source of classification or shelving scheme | Damaged status | Not for loan | Collection code | Permanent Location | Current Location | Shelving location | Date acquired | Source of acquisition | Cost, normal purchase price | Total Checkouts | Full call number | Date last seen | Copy number | Koha item type |
|---|---|---|---|---|---|---|---|---|---|---|---|---|---|---|---|
| Dewey Decimal Classification | Not For Loan | Non-fiction | Central Library, University of Rajshahi | Central Library, University of Rajshahi | Reading Room | 18/09/2017 | Author | 700.00 | 333.3095492 FAA 2017 | 19/12/2017 | C-1 | Books |